[Event "2. Torneig Ciutat de Soller"]
[Site "Soller ESP"]
[Date "2007.02.09"]
[Round "6.2"]
[White "Galego, Luis"]
[Black "Carlsson, Pontus"]
[Result "0-1"]
[WhiteElo "2537"]
[BlackElo "2492"]
[PlyCount "160"]
[EventDate "2007.02.05"]
[EventType "tourn"]
[EventRounds "9"]
[EventCountry "ESP"]
[EventCategory "8"]
[Source "lmi"]
[SourceDate "2007.02.05"]

1. e4 c5 2. Nf3 d6 3. Nc3 Nf6 4. g3 Nc6 5. Bg2 g6 6. O-O Bg7 7. d3 O-O 8. h3
Rb8 9. Be3 e5 10. Qd2 Nd4 11. Nh2 Be6 12. Nd1 Qd7 13. c3 Nc6 14. g4 c4 15. dxc4
Bxc4 16. Re1 h5 17. f3 Be6 18. Nf2 d5 19. g5 Nh7 20. exd5 Qxd5 21. Qxd5 Bxd5
22. Ne4 Rfd8 23. Nf1 b5 24. Nfd2 b4 25. c4 Be6 26. Nc5 Nf8 27. Nxe6 Nxe6 28.
Ne4 Ncd4 29. Rac1 b3 30. a3 Nf4 31. Bxf4 exf4 32. Nf6+ Bxf6 33. gxf6 Nc2 34.
Re2 Ne3 35. c5 Rd3 36. h4 Rc8 37. c6 Rc7 38. Bh3 Rd6 39. Rc3 Rcxc6 40. Rxb3
Rc1+ 41. Kh2 Rxf6 42. Rb4 Rd1 43. a4 Rdd6 44. Re4 a5 45. b4 axb4 46. Rxb4 Rd5
47. Ra2 Ra5 48. Bd7 Nd5 49. Rb5 Rfa6 50. Rc2 Nb6 51. Bc6 Kg7 52. Rxa5 Rxa5 53.
Rb2 Nc4 54. Rb4 Ne5 55. Bb7 Ra7 56. Bd5 Nd3 57. Rd4 Nc5 58. Bc6 Ne6 59. Rb4 Kf6
60. Bd5 Ke5 61. Bb7 Nc5 62. Bc6 f6 63. Be8 g5 64. Kg2 Ra8 65. Bxh5 Rxa4 66. Rb5
Rc4 67. hxg5 fxg5 68. Kh3 Rc1 69. Bg4 Kd4 70. Bf5 Ke5 71. Bg6 Kf6 72. Rb6+ Ke5
73. Rb5 Kf6 74. Rb6+ Ke5 75. Rb5 Kd4 76. Kg4 Rg1+ 77. Kf5 g4 78. Kxf4 Ne6+ 79.
Kf5 gxf3 80. Rb4+ Kc3 0-1

[Event "2. Torneig Ciutat de Soller"]
[Site "Soller ESP"]
[Date "2007.02.09"]
[Round "6.3"]
[White "Vila Gazquez, Xavier"]
[Black "Michalczak, Thomas"]
[Result "1/2-1/2"]
[WhiteElo "2407"]
[BlackElo "2332"]
[PlyCount "156"]
[EventDate "2007.02.05"]
[EventType "tourn"]
[EventRounds "9"]
[EventCountry "ESP"]
[EventCategory "8"]
[Source "lmi"]
[SourceDate "2007.02.05"]

1. e4 e5 2. Bc4 Nf6 3. d3 Nc6 4. Nc3 Bb4 5. Nge2 Na5 6. a3 Bxc3+ 7. Nxc3 Nxc4
8. dxc4 h6 9. Be3 d6 10. f3 Be6 11. Qe2 Qd7 12. O-O-O Qc6 13. Nd5 Bxd5 14. exd5
Qd7 15. Qd3 b6 16. Rhe1 O-O-O 17. b4 Kb7 18. Kb2 Rc8 19. c5 bxc5 20. bxc5 Qa4
21. Ka2 Ka8 22. Rb1 Rb8 23. Rb3 e4 24. Qd2 exf3 25. gxf3 Qc4 26. Rd1 dxc5 27.
Qc3 Qxc3 28. Rxc3 Nd7 29. Bxc5 Nxc5 30. Rxc5 Rb7 31. Re1 Rhb8 32. a4 g5 33. Re7
Rb2+ 34. Ka3 Rb1 35. Rb5 c6 36. Rxb8+ Rxb8 37. dxc6 Rb6 38. c7 Kb7 39. Rxf7 Rc6
40. Kb3 Rb6+ 41. Kc3 Rc6+ 42. Kd3 Rd6+ 43. Ke3 Rc6 44. Rh7 a5 45. Kd3 Rd6+ 46.
Ke4 Rc6 47. Kf5 Kc8 48. h3 Kb7 49. Ke5 Rc5+ 50. Kd4 Rxc2 51. Rxh6 Rxc7 52. Rg6
Rf7 53. Ke3 Rf5 54. Kf2 Kc7 55. Kg3 Kd7 56. Rb6 Ke7 57. Rb3 Kf6 58. Rb7 Kg6 59.
Rb6+ Kh5 60. Ra6 Rc5 61. Re6 Rf5 62. Re4 Rc5 63. h4 gxh4+ 64. Rxh4+ Kg5 65. Rd4
Kf5 66. Rd6 Kg5 67. Rb6 Kf5 68. Rd6 Kg5 69. Kf2 Rc4 70. Rd5+ Kf4 71. Rxa5 Rc2+
72. Ke1 Kxf3 73. Kd1 Ra2 74. Kc1 Ke4 75. Kb1 Rh2 76. Rg5 Kd4 77. a5 Kc4 78. a6
Rh7 1/2-1/2

[Event "2. Torneig Ciutat de Soller"]
[Site "Soller ESP"]
[Date "2007.02.09"]
[Round "6.5"]
[White "Alsina Leal, Daniel"]
[Black "Salgado Lopez, Ivan"]
[Result "1/2-1/2"]
[WhiteElo "2430"]
[BlackElo "2422"]
[PlyCount "111"]
[EventDate "2007.02.05"]
[EventType "tourn"]
[EventRounds "9"]
[EventCountry "ESP"]
[EventCategory "8"]
[Source "lmi"]
[SourceDate "2007.02.05"]

1. e4 e5 2. Nf3 Nc6 3. Bb5 f5 4. d3 fxe4 5. dxe4 Nf6 6. Qe2 Bc5 7. Nc3 Qe7 8.
Bg5 Bb4 9. O-O Bxc3 10. bxc3 O-O 11. Nd2 Nd8 12. f4 d6 13. f5 b6 14. Ba6 Bxa6
15. Qxa6 Nf7 16. Bh4 d5 17. Kh1 Qc5 18. exd5 Qxd5 19. Qe2 Nd6 20. c4 Qa5 21.
Bxf6 gxf6 22. Ne4 Rad8 23. Nxd6 Rxd6 24. Rf3 Qa4 25. Rg3+ Kh8 26. Qg4 Qd7 27.
c3 Qf7 28. Qe4 Rg8 29. Rd3 Rxd3 30. Qxd3 Qh5 31. h3 Qg5 32. Qe4 Qd2 33. Qc6 Qd6
34. Qxd6 cxd6 35. Rd1 Rd8 36. a4 Kg7 37. a5 Kf7 38. axb6 axb6 39. Rb1 Rb8 40.
g4 Ke7 41. Kg2 Kd7 42. Kf3 Kc6 43. Ra1 Kc5 44. Ra4 h6 45. Ke4 h5 46. gxh5 Rh8
47. Ra7 Kc6 48. Rf7 Rxh5 49. Rxf6 Rxh3 50. Rf8 Rxc3 51. f6 Rxc4+ 52. Kf5 Kd5
53. f7 b5 54. Rb8 b4 55. Rb5+ Kc6 56. Rxe5 1/2-1/2

[Event "2. Torneig Ciutat de Soller"]
[Site "Soller ESP"]
[Date "2007.02.09"]
[Round "7.1"]
[White "Salgado Lopez, Ivan"]
[Black "Mirzoev, Azer"]
[Result "1/2-1/2"]
[WhiteElo "2422"]
[BlackElo "2526"]
[PlyCount "37"]
[EventDate "2007.02.05"]
[EventType "tourn"]
[EventRounds "9"]
[EventCountry "ESP"]
[EventCategory "8"]
[Source "lmi"]
[SourceDate "2007.02.05"]

1. e4 e5 2. Bc4 Nc6 3. d3 Nf6 4. Nc3 Bb4 5. Bg5 h6 6. Bxf6 Qxf6 7. Nge2 Na5 8.
O-O Bxc3 9. Nxc3 Nxc4 10. dxc4 d6 11. Qe2 O-O 12. Nd5 Qd8 13. Rad1 b6 14. f4
exf4 15. Rxf4 Be6 16. Rd3 Bxd5 17. Rxd5 Qe7 18. Qh5 Rae8 19. Rg4 1/2-1/2

[Event "2. Torneig Ciutat de Soller"]
[Site "Soller ESP"]
[Date "2007.02.09"]
[Round "7.3"]
[White "Michalczak, Thomas"]
[Black "Lariño Nieto, David"]
[Result "1/2-1/2"]
[WhiteElo "2332"]
[BlackElo "2450"]
[PlyCount "134"]
[EventDate "2007.02.05"]
[EventType "tourn"]
[EventRounds "9"]
[EventCountry "ESP"]
[EventCategory "8"]
[Source "lmi"]
[SourceDate "2007.02.05"]

1. e4 e6 2. d4 d5 3. Nc3 Nf6 4. e5 Nfd7 5. f4 c5 6. Nf3 Nc6 7. Be3 a6 8. Qe2
cxd4 9. Nxd4 Bc5 10. O-O-O O-O 11. Nb3 Bxe3+ 12. Qxe3 Qc7 13. Bd3 Nb4 14. Kb1
b5 15. h4 Rb8 16. h5 a5 17. Nd4 Ba6 18. Rc1 a4 19. Nce2 Nc5 20. h6 g6 21. f5
exf5 22. Bxf5 Rbe8 23. Qc3 Nxa2 24. Kxa2 b4 25. Qf3 Qxe5 26. Bd3 b3+ 27. Ka1
Qd6 28. Bxa6 Qxa6 29. Qxd5 Qa5 30. Rh5 a3 31. Qxc5 axb2+ 32. Kxb2 Qa2+ 33. Kc3
b2 34. Rd5 Re3+ 35. Kd2 Rfe8 36. Rf1 Qa1 37. Rxa1 bxa1=Q 38. g4 Qf1 39. Qb5 Qg2
40. g5 Rxe2+ 41. Nxe2 Rxe2+ 42. Qxe2 Qxd5+ 43. Kc3 Qc6+ 44. Kb4 Qd6+ 45. Kb3
Kf8 46. Qe3 f6 47. gxf6 Qxf6 48. c4 g5 49. Qh3 Kf7 50. Qh5+ Ke7 51. Qe2+ Kf8
52. Qh5 Qf4 53. c5 g4 54. c6 Qf3+ 55. Kb4 Qxc6 56. Qf5+ Kg8 57. Qxg4+ Qg6 58.
Qc8+ Kf7 59. Qd7+ Kf6 60. Qd6+ Kf7 61. Qd7+ Kf6 62. Qd6+ Kg5 63. Qd2+ Kg4 64.
Qg2+ Kh5 65. Qh2+ Kg5 66. Qd2+ Kf5 67. Qd3+ Kf6 1/2-1/2

[Event "2. Torneig Ciutat de Soller"]
[Site "Soller ESP"]
[Date "2007.02.09"]
[Round "7.4"]
[White "Carlsson, Pontus"]
[Black "Vila Gazquez, Xavier"]
[Result "1-0"]
[WhiteElo "2492"]
[BlackElo "2407"]
[PlyCount "79"]
[EventDate "2007.02.05"]
[EventType "tourn"]
[EventRounds "9"]
[EventCountry "ESP"]
[EventCategory "8"]
[Source "lmi"]
[SourceDate "2007.02.05"]

1. e4 d5 2. exd5 Qxd5 3. Nc3 Qa5 4. d4 Nf6 5. Nf3 c6 6. Bc4 Bf5 7. Bd2 Qb6 8.
Qe2 e6 9. O-O-O Nbd7 10. Nh4 Bg6 11. Nxg6 hxg6 12. d5 cxd5 13. Nxd5 Nxd5 14.
Bxd5 Bc5 15. Bb3 O-O 16. h4 Nf6 17. g4 a5 18. a4 Qa6 19. Bc4 Qc6 20. h5 Qe4 21.
Qf1 g5 22. f3 Qc6 23. h6 Rfd8 24. hxg7 Kxg7 25. Bb5 Qb6 26. Qe2 Nd5 27. Rde1
Nf4 28. Bxf4 gxf4 29. Qe5+ f6 30. Qxf4 Rh8 31. Rxh8 Rxh8 32. g5 Rf8 33. gxf6+
Rxf6 34. Qg5+ Rg6 35. Qe5+ Kf7 36. Qh5 Kg7 37. Be8 Be3+ 38. Kb1 Rf6 39. Rd1 Bh6
40. Qe5 1-0

[Event "2. Torneig Ciutat de Soller"]
[Site "Soller ESP"]
[Date "2007.02.10"]
[Round "8.2"]
[White "Vila Gazquez, Xavier"]
[Black "Movsziszian, Karen"]
[Result "1/2-1/2"]
[WhiteElo "2407"]
[BlackElo "2445"]
[PlyCount "113"]
[EventDate "2007.02.05"]
[EventType "tourn"]
[EventRounds "9"]
[EventCountry "ESP"]
[EventCategory "8"]
[Source "lmi"]
[SourceDate "2007.02.05"]

1. e4 d6 2. d4 Nf6 3. Nc3 Nc6 4. d5 Nb8 5. Nf3 g6 6. Bg5 Bg7 7. Qd2 c6 8. Bh6
Bxh6 9. Qxh6 Qb6 10. O-O-O Qxf2 11. dxc6 bxc6 12. Bc4 Nbd7 13. Rhf1 Qc5 14. Bb3
Ba6 15. Rfe1 Ne5 16. Kb1 Rb8 17. h3 Bc4 18. Nxe5 Qxe5 19. Qe3 Bxb3 20. axb3 a5
21. Rd4 O-O 22. Rc4 Rfc8 23. Qa7 d5 24. Rc5 Qg3 25. Re2 d4 26. e5 d3 27. Rd2
Qe1+ 28. Rd1 dxc2+ 29. Kxc2 Qf2+ 30. Rd2 Qf5+ 31. Kc1 Nd5 32. Rxc6 Nb4 33.
Rxc8+ Rxc8 34. Qxa5 Nd3+ 35. Kb1 Nxe5+ 36. Ka2 Nc6 37. Qxf5 gxf5 38. Ka3 Rb8
39. Rd5 f4 40. Rg5+ Kf8 41. Rf5 Rxb3+ 42. Kxb3 Nd4+ 43. Kc4 Nxf5 44. Nd5 e5 45.
b4 Ke8 46. b5 Kd7 47. Kc5 Nd6 48. Nf6+ Ke6 49. Nxh7 Nc8 50. Ng5+ Kf5 51. Nxf7
e4 52. Kd4 e3 53. Kd3 Nb6 54. Nh6+ Kg5 55. Ng4 Nd5 56. b6 Nxb6 57. Nxe3 1/2-1/2

[Event "2. Torneig Ciutat de Soller"]
[Site "Soller ESP"]
[Date "2007.02.10"]
[Round "8.3"]
[White "Lariño Nieto, David"]
[Black "Carlsson, Pontus"]
[Result "0-1"]
[WhiteElo "2450"]
[BlackElo "2492"]
[PlyCount "68"]
[EventDate "2007.02.05"]
[EventType "tourn"]
[EventRounds "9"]
[EventCountry "ESP"]
[EventCategory "8"]
[Source "lmi"]
[SourceDate "2007.02.05"]

1. e4 c5 2. Nf3 d6 3. d4 Nf6 4. Nc3 cxd4 5. Nxd4 a6 6. Bc4 e6 7. a4 Nc6 8. Be3
Be7 9. O-O O-O 10. Qe2 Re8 11. Rad1 Qc7 12. Bb3 Bd7 13. f4 Na5 14. Ba2 Rac8 15.
g4 Nc4 16. g5 Nxb2 17. gxf6 Bxf6 18. Nb1 Nxd1 19. Rxd1 e5 20. fxe5 dxe5 21. Nf3
Qxc2 22. Rd2 Qxa4 23. Bg5 Rc1+ 24. Kg2 Bb5 25. Qe3 Bf1+ 26. Kg3 Bxg5 27. Nxg5
Bc4 28. Rb2 Rc2 29. Bxc4 Qxc4 30. Na3 Qc3 31. Nxc2 Qxb2 32. Qf3 f6 33. Qh5 Qc3+
34. Kg4 Qc8+ 0-1

[Event "2. Torneig Ciutat de Soller"]
[Site "Soller ESP"]
[Date "2007.02.10"]
[Round "8.4"]
[White "Alsina Leal, Daniel"]
[Black "Michalczak, Thomas"]
[Result "0-1"]
[WhiteElo "2430"]
[BlackElo "2332"]
[PlyCount "77"]
[EventDate "2007.02.05"]
[EventType "tourn"]
[EventRounds "9"]
[EventCountry "ESP"]
[EventCategory "8"]
[Source "lmi"]
[SourceDate "2007.02.05"]

1. e4 e5 2. Nf3 Nc6 3. Bb5 f5 4. Nc3 fxe4 5. Nxe4 d5 6. Nxe5 dxe4 7. Nxc6 Qd5
8. c4 Qd6 9. Qh5+ g6 10. Qe5+ Qxe5 11. Nxe5+ c6 12. Ba4 Bg7 13. d4 exd3 14. Bf4
Be6 15. O-O-O O-O-O 16. Bb3 Rd4 17. Nxd3 Bxc4 18. Be3 Bh6 19. Nc5 Rxd1+ 20.
Rxd1 Bxb3 21. axb3 Bxe3+ 22. fxe3 Nf6 23. Rf1 Ng4 24. Rf7 Nxe3 25. Nxb7 Nxg2
26. Na5 c5 27. Rxa7 Rd8 28. Ra8+ Kd7 29. Rxd8+ Kxd8 30. Nb7+ Kc7 31. Nxc5 Ne3
32. Ne4 Kc6 33. Kd2 Nd5 34. Nf2 Kc5 35. Nd3+ Kd4 36. Ke2 g5 37. Nf2 Nf4+ 38.
Kf3 Kc5 39. Ke3 0-1

[Event "2. Torneig Ciutat de Soller"]
[Site "Soller ESP"]
[Date "2007.02.11"]
[Round "9.1"]
[White "Llaneza Vega, Marcos"]
[Black "Mirzoev, Azer"]
[Result "1-0"]
[WhiteElo "2427"]
[BlackElo "2526"]
[PlyCount "77"]
[EventDate "2007.02.05"]
[EventType "tourn"]
[EventRounds "9"]
[EventCountry "ESP"]
[EventCategory "8"]
[Source "lmi"]
[SourceDate "2007.02.05"]

1. e4 c5 2. Nf3 g6 3. d4 Bg7 4. c4 cxd4 5. Nxd4 Nc6 6. Be3 Nf6 7. Nc3 d6 8. Be2
O-O 9. O-O Nxd4 10. Bxd4 Be6 11. f3 Nd7 12. Kh1 Bxd4 13. Qxd4 a5 14. f4 f6 15.
Rae1 a4 16. Rf3 Qb6 17. Qd2 Qb4 18. f5 Bf7 19. a3 Qa5 20. Qh6 Rfc8 21. Rg3 Nf8
22. Rf1 Qe5 23. Rf4 e6 24. h4 Kh8 25. Bh5 exf5 26. exf5 Rxc4 27. fxg6 Bxg6 28.
Rxg6 Nxg6 29. Rxc4 Nxh4 30. Rc7 Qe1+ 31. Kh2 Qe5+ 32. g3 Qxg3+ 33. Kxg3 Nf5+
34. Kf4 Nxh6 35. Rxb7 Rc8 36. Be2 Rc5 37. Bd3 f5 38. Rd7 Ng4 39. Rxd6 1-0

[Event "2. Torneig Ciutat de Soller"]
[Site "Soller ESP"]
[Date "2007.02.11"]
[Round "9.2"]
[White "Michalczak, Thomas"]
[Black "Salgado Lopez, Ivan"]
[Result "0-1"]
[WhiteElo "2332"]
[BlackElo "2422"]
[PlyCount "91"]
[EventDate "2007.02.05"]
[EventType "tourn"]
[EventRounds "9"]
[EventCountry "ESP"]
[EventCategory "8"]
[Source "lmi"]
[SourceDate "2007.02.05"]

1. e4 e6 2. d4 d5 3. Nc3 Bb4 4. e5 c5 5. a3 Bxc3+ 6. bxc3 Ne7 7. Qg4 O-O 8. Bd3
Qa5 9. Ne2 Nbc6 10. Bg5 Qa4 11. f4 Ng6 12. O-O c4 13. Bxg6 fxg6 14. Ra2 b5 15.
Rf3 Qa6 16. Rh3 Qb7 17. Qh4 h6 18. Ra1 Kf7 19. f5 hxg5 20. fxg6+ Ke8 21. Qh7
Qe7 22. Rf1 Rxf1+ 23. Kxf1 Bb7 24. Rf3 Nd8 25. Ng3 g4 26. Rf4 Kd7 27. Nh5 Qxa3
28. Qxg7+ Kc6 29. Qf8 Qa1+ 30. Kf2 Kb6 31. g7 Nc6 32. Qxa8 Bxa8 33. g8=Q Qb2
34. Kg3 Bb7 35. Qxe6 Qxc3+ 36. Kxg4 b4 37. Nf6 Qd2 38. Nd7+ Ka6 39. Nc5+ Kb5
40. Nxb7 Qxg2+ 41. Kh5 Qxh2+ 42. Kg5 Qg3+ 43. Rg4 Qe3+ 44. Kg6 Qf3 45. Nd6+ Ka4
46. Nc8 0-1

[Event "2. Torneig Ciutat de Soller"]
[Site "Soller ESP"]
[Date "2007.02.11"]
[Round "9.3"]
[White "Carlsson, Pontus"]
[Black "Alsina Leal, Daniel"]
[Result "1-0"]
[WhiteElo "2492"]
[BlackElo "2430"]
[PlyCount "129"]
[EventDate "2007.02.05"]
[EventType "tourn"]
[EventRounds "9"]
[EventCountry "ESP"]
[EventCategory "8"]
[Source "lmi"]
[SourceDate "2007.02.05"]

1. e4 e5 2. Nf3 Nc6 3. Bb5 Nf6 4. O-O Nxe4 5. d4 Nd6 6. Bxc6 dxc6 7. dxe5 Nf5
8. Qxd8+ Kxd8 9. Nc3 Ne7 10. h3 Ng6 11. Bg5+ Ke8 12. Rad1 Bd7 13. a3 h6 14. Bc1
Be7 15. Rfe1 Nh4 16. Nxh4 Bxh4 17. Ne4 b6 18. g3 Bd8 19. g4 h5 20. f3 hxg4 21.
hxg4 c5 22. Kg2 Bc6 23. Nc3 Be7 24. Nd5 Bxd5 25. Rxd5 Rd8 26. Rxd8+ Kxd8 27.
Rd1+ Ke8 28. f4 g6 29. Be3 f6 30. exf6 Bxf6 31. c3 Ke7 32. Bf2 Rd8 33. Rxd8
Kxd8 34. Kf3 Kd7 35. Ke4 Ke6 36. Bg3 c6 37. Bf2 Bg7 38. Bh4 Bh6 39. Bd8 Kd7 40.
Bf6 Ke6 41. Be5 a6 42. f5+ gxf5+ 43. gxf5+ Kf7 44. c4 Bc1 45. a4 b5 46. b3 Ba3
47. Bd6 Kf6 48. Bc7 Bb2 49. Bb6 Bd4 50. cxb5 axb5 51. axb5 cxb5 52. b4 Bf2 53.
bxc5 b4 54. Bd8+ Kf7 55. c6 Ke8 56. c7 Kd7 57. f6 b3 58. Kd3 Bc5 59. Be7 Bd4
60. f7 Bg7 61. Bd8 Kc8 62. Bf6 Bf8 63. Be5 Ba3 64. Kc4 b2 65. Bxb2 1-0

[Event "2. Torneig Ciutat de Soller"]
[Site "Soller ESP"]
[Date "2007.02.11"]
[Round "9.5"]
[White "Galego, Luis"]
[Black "Vila Gazquez, Xavier"]
[Result "1/2-1/2"]
[WhiteElo "2537"]
[BlackElo "2407"]
[PlyCount "61"]
[EventDate "2007.02.05"]
[EventType "tourn"]
[EventRounds "9"]
[EventCountry "ESP"]
[EventCategory "8"]
[Source "lmi"]
[SourceDate "2007.02.05"]

1. c4 e5 2. g3 Nf6 3. Bg2 Nc6 4. Nc3 Bc5 5. e3 O-O 6. Nge2 a6 7. O-O d6 8. h3
Bd7 9. Kh2 Rb8 10. d4 exd4 11. exd4 Ba7 12. Be3 Ne7 13. Bg5 Ne8 14. Nd5 f6 15.
Nxe7+ Qxe7 16. Be3 f5 17. Nc3 Nf6 18. Re1 Qf7 19. b3 Rfe8 20. Rc1 Ne4 21. Nxe4
fxe4 22. Qd2 Rf8 23. d5 Bxe3 24. Rxe3 Rbe8 25. a4 b6 26. a5 b5 27. Kg1 bxc4 28.
bxc4 Qe7 29. h4 h6 30. Qd4 Qe5 31. Qc3 1/2-1/2